Rozwiń skróty tych organizacji - Statystyki

Ogólne statystyki
  • Ten quiz został rozwiązany 45 razy
    42 od ostatniego zresetowania
  • Średni wynik to 3 z 19
Statystyki odpowiedzi
Skrót Angielski Skrót Polski Nazwa Polska % Poprawnych
EU UE Unia Europejska
91%
UNO ONZ Organizacja Narodów Zjednoczonych
66%
WHO Światowa Organizacja Zdrowia
34%
UNESCO UNESCO
19%
ECSC EWWiS Europejska Wspólnota Węgla i Stali
16%
UNICEF UNICEF
16%
EEC EWG Europejska Wspólnota Gospodarcza
13%
AU UA Unia Afrykańska
13%
LAS LPA Liga Państw Arabskich
9%
OPEC Organizacja Krajów Eksportujących Ropę
6%
NATO Organizacja Traktatu Północnoatlantycki
3%
OECD OWGiR Organizacja Współpracy Gospodarczej i Rozwoju
3%
EFTA Europejskie Stowarzyszenie Wolnego Handlu
0%
OAS OPA Organizacja Państw Amerykańskich
0%
ANZUS Pakt Bezpieczeństwa Pacyfiku
0%
NAFTA Północnoamerykańskie Porozumienie o Wolnym Handlu
0%
CEFTA Środkowoeuropejskie Porozumienie o Wolnym Handlu
0%
ASEAN Stowarzyszenie Narodów Azji Południowo-Wschodniej
0%
Mercosur Wspólny Rynek Południa
0%
Nie znaleziono quizów pasujących do podanych kryteriów
Rozkład punktacji
Procent ludzi z każdym wynikiem
Percentyl według liczby udzielonych odpowiedzi
Twoja historia wyników
Nie rozwiązałeś tego quizu od ostatniego zresetowania